000 00448nam a2200181Ia 4500
005 20250603145638.0
008 250603s9999 xx 000 0 und d
020 _a9781630698
050 _aHM 66 .O48/
100 _aEdited by P. Olusanya & Lai Olurode
245 0 _aReadings in introductory sociology
260 _aIkeja
260 _bJohn West Publications Limited
260 _c1988
300 _a297 p
650 _aIkeja
942 _cBK
999 _c42440
_d42440